| 000 | 00548nam a22001817a 4500 | ||
|---|---|---|---|
| 003 | BD-DhUL | ||
| 005 | 20191202122013.0 | ||
| 008 | 190722s1923 ii ||||| |||| 00| 0 urd d | ||
| 040 |
_aBD-DhUL _cBD-DhUL |
||
| 082 |
_a891.431 _bMUK |
||
| 100 | 3 | _aمومن خاں دہلوی۔ | |
| 245 | 1 | 0 |
_aکلیات مومن / _cمومن خاں دہلوی۔ _b |
| 246 | _aKulliyāt-e-Mu'min | ||
| 260 |
_aلکھنؤ : _bمطبع منشی نول کشور، _c۔۱۹۲۳ |
||
| 300 |
_aص۔ ۴۵۶ ؛ _c۲۲ سم۔ |
||
| 650 | 4 | _aUrdu poetry. | |
| 942 |
_2ddc _cBK |
||
| 999 |
_c248927 _d248927 |
||